Introducción a la Universidad Virtual. (Record no. 113601)

MARC details
000 -CABECERA
campo de control de longitud fija 00734nam a2200217 a 4500
005 - FECHA Y HORA DE LA ÚLTIMA TRANSACCIÓN
campo de control 20250610063823.0
008 - ELEMENTOS DE LONGITUD FIJA--INFORMACIÓN GENERAL
campo de control de longitud fija 051207s1997 mx r 000 0 spa d
020 ## - NÚMERO INTERNACIONAL NORMALIZADO PARA LIBROS
Número Internacional Estándar del Libro 9682438705
035 ## - NÚMERO DE CONTROL DEL SISTEMA
Número de control de sistema UPN01000141454
049 ## - COLECCIÓN
Colección F
050 #4 - SIGNATURA TOPOGRÁFICA DE LA BIBLIOTECA DEL CONGRESO
Número de clasificación LC5803 M6
Número de documento/Ítem I5.7
245 00 - MENCIÓN DE TÍTULO
Título Introducción a la Universidad Virtual.
260 ## - PUBLICACIÓN, DISTRIBUCIÓN, ETC.
Lugar de publicación, distribución, etc. México :
Nombre del editor, distribuidor, etc. Trillas :
Fecha de publicación, distribución, etc. 1997.
Nombre del editor, distribuidor, etc. ITESM, Universidad Virtual,
300 ## - DESCRIPCIÓN FÍSICA
Extensión 31 p. :
Otras características físicas il.
440 #0 - MENCIÓN DE SERIE/ASIENTO SECUNDARIO--TÍTULO
Título Manual de autocapacitación
610 24 - ASIENTO SECUNDARIO DE MATERIA - NOMBRE CORPORATIVO
Nombre de entidad corporativa o nombre de jurisdicción como elemento de entrada INSTITUTO TECNOLOGICO DE ESTUDIOS SUPERIORES DE MONTERREY.
Unidad subordinada UNIVERSIDAD VIRTUAL
9 (RLIN) 4037
650 #2 - ASIENTO SECUNDARIO DE MATERIA - TERMINO TEMATICO
Término de materia o nombre geográfico como elemento de entrada Universidad a distancia
9 (RLIN) 4033
650 #4 - ASIENTO SECUNDARIO DE MATERIA - TERMINO TEMATICO
Término de materia o nombre geográfico como elemento de entrada REALIDAD VIRTUAL EN LA EDUCACION SUPERIOR -
Subdivisión geográfica MEXICO
9 (RLIN) 4032
856 40 - LOCALIZACIÓN Y ACCESO ELECTRÓNICOS
Identificador Uniforme del Recurso <a href="http://www.ruv.itesm.mx/">http://www.ruv.itesm.mx/</a>
905 ## - TIPO DE MATERIAL
Tipo de material Libro
Holdings
Estado de retiro Estado de pérdida Fuente del sistema de clasificación o colocación Estado dañado No para préstamo Código de colección Localización permanente Ubicación/localización actual Ubicación en estantería Fecha de adquisición Clasificación Código de barras Fecha visto por última vez Número de copia Tipo de ítem Koha
    Library of Congress Classification   Disponible (Préstamo en sala) Folletería Bib. Gregorio Torres Quintero Bib. Gregorio Torres Quintero Colecciones especiales Planta alta 04/05/2023 LC5803 M6 I5.7 232387 31/12/2020 1 Folleto
    Library of Congress Classification   Disponible (Préstamo en sala) Folletería Bib. Gregorio Torres Quintero Bib. Gregorio Torres Quintero Colecciones especiales Planta alta 04/05/2023 LC5803 M6 I5.7 232386 31/12/2020 1 Folleto
    Library of Congress Classification   Disponible (Préstamo en sala) Folletería Bib. Gregorio Torres Quintero Bib. Gregorio Torres Quintero Colecciones especiales Planta alta 04/05/2023 LC5803 M6 I5.7 232388 31/12/2020 1 Folleto